[Event "Basingstoke 4NCL Spring Bank 2nd"]
[Site "Basingstoke"]
[Date "2019.05.27"]
[Round "6"]
[White "Nettleton, Charlie"]
[Black "Goodger, Martyn"]
[Result "0-1"]
[WhiteElo "2064"]
[BlackElo "2043"]
[PlyCount "98"]
[EventDate "2019.05.24"]
[EventType "swiss"]
[EventRounds "7"]
[EventCountry "ENG"]
[SourceTitle "CBM 190 Extra"]
[Source "ChessBase"]
[SourceDate "2019.07.15"]
[SourceVersion "1"]
[SourceVersionDate "2019.07.15"]
[SourceQuality "1"]

1. d4 e6 2. e4 d5 3. Nc3 dxe4 4. Nxe4 Qd5 5. Bd3 Nf6 6. f3 Nc6 7. c3 Be7 8. Ne2 0-0 9. Qc2 h6 10. Bd2 e5 11. c4 Qd8 12. d5 Nb4 13. Nxf6+ Kh8 14. Qb3 Nxd3+ 15. Qxd3 Bxf6 16. 0-0-0 b5 17. c5 a5 18. Ng3 b4 19. Be3 Bg5 20. Rhe1 f5 21. Bxg5 Qxg5+ 22. Qd2 Qh4 23. Kb1 b3 24. a3 Qxh2 25. Qf2 f4 26. Ne4 Qh5 27. d6 cxd6 28. cxd6 Bd7 29. Nc3 Ra6 30. Ka1 Qg6 31. Qc5 Rc8 32. Qxe5 Re8 33. Qxf4 Rxe1 34. Qf8+ Kh7 35. Rxe1 Rxd6 36. Ne4 Rc6 37. Rd1 Bf5 38. Nc5 Rc8 39. Qe7 Bc2 40. Rc1 Re8 41. Qc7 Qxg2 42. Qxa5 Qxf3 43. Qb4 Qe3 44. Rf1 Qe2 45. Rg1 Rd8 46. Rc1 Rd1 47. Qf4 Qe1 48. Nxb3 Bxb3 49. Qf5+ g6 0-1

[Event "Basingstoke 4NCL Spring Bank 2nd"]
[Site "Basingstoke"]
[Date "2019.05.26"]
[Round "4"]
[White "Brown, Thomas"]
[Black "Goodger, Martyn"]
[Result "0-1"]
[WhiteElo "2086"]
[BlackElo "2043"]
[PlyCount "76"]
[EventDate "2019.05.24"]
[EventType "swiss"]
[EventRounds "7"]
[EventCountry "ENG"]
[SourceTitle "CBM 190 Extra"]
[Source "ChessBase"]
[SourceDate "2019.07.15"]
[SourceVersion "1"]
[SourceVersionDate "2019.07.15"]
[SourceQuality "1"]

1. d4 e6 2. Nf3 f5 3. g3 Nf6 4. Bg2 d5 5. c4 c6 6. Nc3 Bd6 7. Rb1 a5 8. 0-0 0-0 9. Ne5 b6 10. Qc2 Qc7 11. b3 Na6 12. cxd5 exd5 13. Bb2 Be6 14. Rbc1 Rac8 15. Qb1 Qb7 16. a3 Ne4 17. Qd3 Bxe5 18. dxe5 Nac5 19. Qd1 Nxc3 20. Bxc3 d4 21. Qxd4 Nxb3 22. Qd6 Nc5 23. Rfd1 Rf7 24. Bd4 Rd7 25. Bxc5 Rxd6 26. Bxd6 Bd5 27. Rxd5 cxd5 28. Rxc8+ Qxc8 29. Bxd5+ Kh8 30. e6 Qe8 31. e7 b5 32. h4 h5 33. Kg2 Kh7 34. Kf3 Kg6 35. Ke3 Kf6 36. Kd4 Qc8 37. e3 g6 38. Bb7 Qc4# 0-1

[Event "Basingstoke 4NCL Spring Bank 2nd"]
[Site "Basingstoke"]
[Date "2019.05.26"]
[Round "5"]
[White "Goodger, Martyn"]
[Black "Okhai, Shabir"]
[Result "0-1"]
[WhiteElo "2043"]
[BlackElo "2082"]
[PlyCount "56"]
[EventDate "2019.05.24"]
[EventType "swiss"]
[EventRounds "7"]
[EventCountry "ENG"]
[SourceTitle "CBM 190 Extra"]
[Source "ChessBase"]
[SourceDate "2019.07.15"]
[SourceVersion "1"]
[SourceVersionDate "2019.07.15"]
[SourceQuality "1"]

1. e4 e5 2. Nf3 Nc6 3. Bc4 Bc5 4. c3 Nf6 5. Qe2 d6 6. d3 a6 7. Bb3 Ba7 8. Nbd2 h6 9. Nf1 Be6 10. h3 Qd7 11. Ng3 0-0 12. Nh4 d5 13. Qf3 Qd8 14. Ngf5 Kh7 15. g4 dxe4 16. dxe4 g6 17. Nxg6 fxg6 18. Bxe6 gxf5 19. Qxf5+ Kg7 20. g5 Nh7 21. gxh6+ Kh8 22. Qg4 Qf6 23. Qg7+ Qxg7 24. hxg7+ Kxg7 25. Rg1+ Kh8 26. Rg2 Rf6 27. Be3 Bxe3 28. fxe3 Rxe6 0-1

[Event "Nottingham 4NCL op 20th"]
[Site "Nottingham"]
[Date "2018.09.29"]
[Round "3"]
[White "Hebden, Mark"]
[Black "Goodger, Martyn"]
[Result "1-0"]
[WhiteElo "2426"]
[BlackElo "2011"]
[PlyCount "133"]
[EventDate "2018.09.28"]
[EventType "swiss"]
[EventRounds "5"]
[EventCountry "ENG"]
[SourceTitle "CBM 186 Extra"]
[Source "ChessBase"]
[SourceDate "2018.08.24"]
[SourceVersion "1"]
[SourceVersionDate "2018.08.24"]
[SourceQuality "1"]

1. d4 f5 2. Nf3 Nf6 3. g3 g6 4. Bg2 Bg7 5. 0-0 0-0 6. c4 d6 7. Nc3 e6 8. Re1 Ne4 9. Qc2 Nxc3 10. bxc3 e5 11. dxe5 dxe5 12. Ba3 Re8 13. e4 Nc6 14. exf5 Bxf5 15. Qb3 e4 16. Rad1 Qf6 17. Nd4 Nxd4 18. cxd4 Qb6 19. Qa4 Kh8 20. Bc5 Qf6 21. d5 b6 22. Bd4 Qd6 23. h3 h5 24. Bxg7+ Kxg7 25. Re3 Re5 26. Rde1 a5 27. Qd1 Rae8 28. g4 hxg4 29. hxg4 Bc8 30. Rxe4 Rxe4 31. Rxe4 Rxe4 32. Bxe4 Qf4 33. Bf3 Qxc4 34. Kg2 Qf4 35. Qe2 Kf7 36. Kh3 Bd7 37. Be4 Kf6 38. f3 Qe5 39. Qe3 g5 40. Qc1 Be8 41. Kg2 Qd6 42. Qh1 Qf4 43. Qh6+ Ke7 44. Qe6+ Kd8 45. Bf5 Qd2+ 46. Kh3 Qc3 47. Kg3 Qc5 48. Qf6+ Qe7 49. Qc3 Qd6+ 50. Kg2 Qe7 51. Be6 Qd6 52. Qf6+ Qe7 53. Qe5 Bd7 54. f4 gxf4 55. g5 Bxe6 56. dxe6 f3+ 57. Kxf3 Qa3+ 58. Ke4 Qxa2 59. Qd5+ Qxd5+ 60. Kxd5 Ke7 61. g6 Kf6 62. g7 Kxg7 63. Kc6 Kf6 64. Kd7 a4 65. e7 a3 66. e8Q a2 67. Qe6+ 1-0

[Event "BCF-chT2b 1718 (4NCL)"]
[Site "England"]
[Date "2017.11.11"]
[Round "1.87"]
[White "Goodger, Martyn"]
[Black "Haridas, Girinath"]
[Result "0-1"]
[WhiteElo "2015"]
[BlackElo "1903"]
[PlyCount "96"]
[EventDate "2017.11.11"]
[EventType "team-tourn"]
[EventRounds "7"]
[EventCountry "ENG"]
[SourceTitle "EXT 2020"]
[Source "ChessBase"]
[SourceDate "2019.10.17"]
[SourceVersion "1"]
[SourceVersionDate "2019.10.17"]
[SourceQuality "1"]
[WhiteTeam "Poisoned Pawns"]
[BlackTeam "KJCA Kings"]
[WhiteTeamCountry "ENG"]
[BlackTeamCountry "ENG"]

1. b3 Nc6 2. Bb2 e5 3. e3 Nf6 4. Bb5 d6 5. Nc3 a6 6. Be2 g6 7. d4 exd4 8. exd4 Bg7 9. Nf3 0-0 10. 0-0 Re8 11. Qd2 Bf5 12. h3 h5 13. Bd3 Qd7 14. Bxf5 Qxf5 15. Nh4 Qd7 16. Rfe1 d5 17. Rad1 b5 18. a3 Rad8 19. Qd3 Nh7 20. Nf3 Nf8 21. Ne2 Ne6 22. c3 Rb8 23. Bc1 Qd6 24. g3 Rbc8 25. Kg2 Ne7 26. c4 bxc4 27. bxc4 dxc4 28. Qxc4 Nd5 29. a4 Red8 30. Rd3 c5 31. Ba3 Nb4 32. Bxb4 cxb4 33. Qa2 a5 34. Red1 Qd5 35. Qd2 Kh7 36. Nf4 Nxf4+ 37. gxf4 Rc4 38. Kg3 Rdc8 39. Ne5 Rc3 40. Qe2 Qb3 41. f5 Bxe5+ 42. dxe5 Rxd3+ 43. Rxd3 Qxd3+ 44. Qxd3 Rc3 45. Qxc3 bxc3 46. e6 fxe6 47. fxe6 Kg7 48. Kf4 c2 0-1

[Event "BCF-chT4S 1617 (4NCL)"]
[Site "England"]
[Date "2017.04.30"]
[Round "10.61"]
[White "Gooding, Ian R"]
[Black "Goodger, Martyn"]
[Result "0-1"]
[WhiteElo "2020"]
[BlackElo "2014"]
[PlyCount "98"]
[EventDate "2016.11.26"]
[EventType "team-swiss"]
[EventRounds "11"]
[EventCountry "ENG"]
[SourceTitle "EXT 2019"]
[Source "ChessBase"]
[SourceDate "2018.10.10"]
[SourceVersion "1"]
[SourceVersionDate "2018.10.10"]
[SourceQuality "1"]
[WhiteTeam "Cambridge University III"]
[BlackTeam "Poisoned Pawns II"]
[WhiteTeamCountry "ENG"]
[BlackTeamCountry "ENG"]

1. e4 e5 2. Nf3 Nf6 3. Nc3 d6 4. d4 Nbd7 5. Bg5 c6 6. Qd2 Be7 7. Bd3 h6 8. Be3 Ng4 9. 0-0-0 0-0 10. h3 Nxe3 11. fxe3 a6 12. Kb1 b5 13. g4 c5 14. Qh2 c4 15. Be2 f6 16. h4 Bb7 17. g5 Kh8 18. gxh6 gxh6 19. h5 b4 20. Nd5 Bxd5 21. exd5 f5 22. dxe5 Nxe5 23. Nxe5 dxe5 24. Bxc4 Bf6 25. d6 e4 26. Rhg1 Bg5 27. Qe5+ Qf6 28. Qxf6+ Rxf6 29. d7 Rd8 30. Rge1 Kg7 31. Rd5 Kf8 32. a3 bxa3 33. bxa3 Ke7 34. Re5+ Kxd7 35. Rd1+ Rd6 36. Rxd6+ Kxd6 37. Rxf5 Rb8+ 38. Bb3 Rb5 39. Rf7 a5 40. Ka2 Bxe3 41. Rf6+ Ke5 42. Re6+ Kf5 43. Rg6 Bg5 44. Bc4 Rc5 45. Kb3 Kf4 46. Kc3 Kf3 47. Kb3 Bf4 48. Rg1 Bg3 49. Rf1+ Bf2 0-1

[Event "BCF-chT4S 1617 (4NCL)"]
[Site "England"]
[Date "2017.04.29"]
[Round "9.41"]
[White "Goodger, Martyn"]
[Black "Grigoryan, Meri"]
[Result "0-1"]
[WhiteElo "2014"]
[BlackElo "2057"]
[PlyCount "106"]
[EventDate "2016.11.26"]
[EventType "team-swiss"]
[EventRounds "11"]
[EventCountry "ENG"]
[SourceTitle "EXT 2019"]
[Source "ChessBase"]
[SourceDate "2018.10.10"]
[SourceVersion "1"]
[SourceVersionDate "2018.10.10"]
[SourceQuality "1"]
[WhiteTeam "Poisoned Pawns II"]
[BlackTeam "Wood Green II"]
[WhiteTeamCountry "ENG"]
[BlackTeamCountry "ENG"]

1. f4 e5 2. fxe5 Nc6 3. Nf3 d6 4. d4 dxe5 5. d5 Nd4 6. Nc3 Nxf3+ 7. exf3 Bc5 8. Bb5+ Bd7 9. Qe2 Bd4 10. Bd2 Ne7 11. 0-0-0 a6 12. Bxd7+ Qxd7 13. f4 f6 14. fxe5 Bxe5 15. Qf3 0-0-0 16. Bf4 Ng6 17. Bxe5 Nxe5 18. Qf2 Kb8 19. h3 Rhe8 20. Rd2 Nc4 21. Rd4 Nd6 22. g4 Re5 23. Re1 Rxe1+ 24. Qxe1 Re8 25. Qf2 Re5 26. Rd2 Qe8 27. Re2 Ne4 28. Rxe4 Rxe4 29. Nxe4 Qxe4 30. Qd2 Qh1+ 31. Qd1 Qxh3 32. d6 Qe3+ 33. Kb1 cxd6 34. Qxd6+ Ka7 35. b3 Qe1+ 36. Kb2 Qe5+ 37. Qxe5 fxe5 38. Kc3 Kb6 39. Kd3 Kc6 40. Ke4 Kd6 41. c4 a5 42. a3 b6 43. b4 a4 44. Kf5 g6+ 45. Ke4 h6 46. Kf3 Ke6 47. Ke4 h5 48. gxh5 gxh5 49. c5 bxc5 50. bxc5 h4 51. c6 Kd6 52. c7 Kxc7 53. Kxe5 h3 0-1

[Event "BCF-chT3 1415 (4NCL)"]
[Site "England"]
[Date "2015.05.03"]
[Round "10.97"]
[White "Moore, Gerald C"]
[Black "Goodger, Martyn"]
[Result "1-0"]
[WhiteElo "2121"]
[BlackElo "2104"]
[PlyCount "69"]
[EventDate "2015.03.21"]
[EventType "team-swiss"]
[EventRounds "11"]
[EventCountry "ENG"]
[SourceTitle "EXT 2016"]
[Source "ChessBase"]
[SourceDate "2015.10.08"]
[SourceVersion "1"]
[SourceVersionDate "2015.10.08"]
[SourceQuality "1"]
[WhiteTeam "Broadland Bitterns"]
[BlackTeam "Poisoned Pawns"]
[WhiteTeamCountry "ENG"]
[BlackTeamCountry "ENG"]

1. Nf3 f5 2. g3 Nf6 3. Bg2 e6 4. 0-0 Be7 5. c4 0-0 6. b3 d6 7. d4 Ne4 8. Bb2 Nd7 9. Nbd2 Ndf6 10. Ne1 Nxd2 11. Qxd2 Qe8 12. Nd3 h6 13. f3 g5 14. e4 Qf7 15. e5 Ne8 16. Rfe1 a5 17. a4 Bd7 18. Bc3 b6 19. f4 Rd8 20. d5 Ng7 21. exd6 Bxd6 22. fxg5 exd5 23. gxh6 Ne6 24. Bxd5 Kh7 25. Ne5 Bxe5 26. Rxe5 c6 27. Bxe6 Bxe6 28. Qe3 f4 29. Qxf4 Qg6 30. Qe4 Bf5 31. Re7+ Rf7 32. Qe5 Kxh6 33. Rxf7 Qxf7 34. Rf1 Kg6 35. g4 1-0

[Event "BCF-chT3S 1415 (4NCL)"]
[Site "England"]
[Date "2015.02.15"]
[Round "6.117"]
[White "Goodhead, James W"]
[Black "Goodger, Martyn"]
[Result "1/2-1/2"]
[WhiteElo "1914"]
[BlackElo "2095"]
[PlyCount "58"]
[EventDate "2014.11.15"]
[EventType "team-swiss"]
[EventRounds "6"]
[EventCountry "ENG"]
[SourceTitle "EXT 2016"]
[Source "ChessBase"]
[SourceDate "2015.10.08"]
[SourceVersion "1"]
[SourceVersionDate "2015.10.08"]
[SourceQuality "1"]
[WhiteTeam "e2e4.org.uk III"]
[BlackTeam "Poisoned Pawns"]
[WhiteTeamCountry "ENG"]
[BlackTeamCountry "ENG"]

1. d4 f5 2. Nf3 Nf6 3. Nc3 d5 4. Bf4 a6 5. e3 e6 6. Be2 Bd6 7. Ne5 0-0 8. g4 fxg4 9. Bxg4 Nxg4 10. Qxg4 Qf6 11. Rg1 Nc6 12. Qg3 g6 13. 0-0-0 Bxe5 14. dxe5 Qf5 15. Qh4 Bd7 16. Rg5 Qf7 17. Rdg1 Ne7 18. R5g4 c5 19. Bg5 Nf5 20. Qh3 Qg7 21. Bf6 Rxf6 22. exf6 Qxf6 23. Rg5 Bc6 24. Qh5 Kg7 25. Ne2 Ne7 26. Nf4 Rh8 27. Qh3 Kf7 28. Qh6 Nf5 29. Qh3 Ne7 1/2-1/2

[Event "BCF-chT2d 1314 (4NCL)"]
[Site "England"]
[Date "2014.05.05"]
[Round "11.74"]
[White "Weller, Pierre"]
[Black "Goodger, Martyn"]
[Result "1-0"]
[WhiteElo "2113"]
[BlackElo "2110"]
[PlyCount "79"]
[EventDate "2013.11.16"]
[EventType "team-tourn"]
[EventRounds "11"]
[EventCountry "ENG"]
[SourceTitle "EXT 2015"]
[Source "ChessBase"]
[SourceDate "2014.11.20"]
[SourceVersion "1"]
[SourceVersionDate "2014.11.20"]
[SourceQuality "1"]
[WhiteTeam "White Rose II"]
[BlackTeam "Poisoned Pawns"]
[WhiteTeamCountry "ENG"]
[BlackTeamCountry "ENG"]

1. d4 f5 2. Bg5 g6 3. h4 Bg7 4. Nc3 d5 5. e3 Nf6 6. h5 Be6 7. h6 Bf8 8. Nf3 c6 9. Ne5 Nbd7 10. Bd3 Ne4 11. Bxe4 dxe4 12. Bf4 Nxe5 13. Bxe5 Rg8 14. Qe2 Qb6 15. 0-0-0 0-0-0 16. f3 exf3 17. gxf3 Qb4 18. a3 Qc4 19. Qh2 b6 20. Bb8 Rd7 21. Rd3 Qa6 22. d5 cxd5 23. Nxd5 Qb7 24. Rc3+ Kd8 25. Nc7 Bf7 26. Rd1 Rxd1+ 27. Kxd1 Qxf3+ 28. Kd2 e5 29. Rd3+ Kc8 30. Qxe5 Qe4 31. Qf6 Qe7 32. Qc6 Qc5 33. Qd7+ Kb7 34. Qxf7 Qa5+ 35. Ke2 Qa4 36. Ne6+ Ka8 37. Qxg8 Qxc2+ 38. Rd2 Qc4+ 39. Kf2 Qh4+ 40. Bg3 1-0

[Event "BCF-chT2a 1213 (4NCL)"]
[Site "England"]
[Date "2013.03.23"]
[Round "7.43"]
[White "Mitchell, Martin"]
[Black "Goodger, Martyn"]
[Result "1/2-1/2"]
[WhiteElo "2213"]
[BlackElo "2086"]
[PlyCount "103"]
[EventDate "2012.11.03"]
[EventType "team-tourn"]
[EventRounds "7"]
[EventCountry "ENG"]
[SourceTitle "EXT 2014"]
[Source "ChessBase"]
[SourceDate "2013.11.20"]
[SourceVersion "1"]
[SourceVersionDate "2013.11.20"]
[SourceQuality "1"]
[WhiteTeam "Spirit of Atticus"]
[BlackTeam "Poisoned Pawns"]
[WhiteTeamCountry "ENG"]
[BlackTeamCountry "ENG"]

1. d4 f5 2. g3 Nf6 3. Bg2 e6 4. Nf3 Be7 5. 0-0 0-0 6. c4 d6 7. Nc3 Ne4 8. Qc2 Nxc3 9. Qxc3 Bf6 10. b4 c5 11. bxc5 dxc5 12. Be3 Nc6 13. Rfd1 Qc7 14. Qa3 cxd4 15. Nxd4 Nxd4 16. Bxd4 a5 17. Bxf6 Rxf6 18. e4 Bd7 19. Qd6 Qxd6 20. Rxd6 Bc8 21. Rd8+ Rf8 22. Rad1 g6 23. Rxf8+ Kxf8 24. Rd8+ Ke7 25. Rh8 h5 26. e5 a4 27. Rh7+ Kd8 28. Bxb7 Bxb7 29. Rxb7 a3 30. Rb4 Kc7 31. Kf1 Kc6 32. f4 Kc5 33. Rb5+ Kxc4 34. Rb6 Kd5 35. Ke2 Ra4 36. Rd6+ Ke4 37. Rxe6 Rb4 38. Rxg6 Rb2+ 39. Kd1 Rxa2 40. Ra6 Ra1+ 41. Kc2 Ra2+ 42. Kc3 Rxh2 43. e6 Kd5 44. e7 Re2 45. Ra5+ Kd6 46. Rxa3 Kxe7 47. Kd4 Re4+ 48. Kd5 h4 49. Ra7+ Kf6 50. Ra6+ Kg7 51. gxh4 Rxf4 52. Ke5 1/2-1/2

[Event "BCF-chT2a 1213 (4NCL)"]
[Site "England"]
[Date "2013.02.24"]
[Round "6.224"]
[White "Burrows, Martin P"]
[Black "Goodger, Martyn"]
[Result "0-1"]
[WhiteElo "2147"]
[BlackElo "2086"]
[PlyCount "106"]
[EventDate "2012.11.03"]
[EventType "team-tourn"]
[EventRounds "7"]
[EventCountry "ENG"]
[SourceTitle "EXT 2014"]
[Source "ChessBase"]
[SourceDate "2013.11.20"]
[SourceVersion "1"]
[SourceVersionDate "2013.11.20"]
[SourceQuality "1"]
[WhiteTeam "Grantham Pandora's Box"]
[BlackTeam "Poisoned Pawns"]
[WhiteTeamCountry "ENG"]
[BlackTeamCountry "ENG"]

1. e4 e5 2. Bc4 d6 3. Nf3 Be7 4. d4 exd4 5. Nxd4 Nf6 6. Nc3 0-0 7. 0-0 Re8 8. Re1 Bf8 9. Bg5 c6 10. a4 Nbd7 11. Ba2 h6 12. Bh4 Ne5 13. h3 Ng6 14. Bg3 Qa5 15. Qf3 Ne5 16. Qe3 Bd7 17. Kh1 Ng6 18. f4 Qb4 19. Nf3 d5 20. Ne5 Nxe5 21. fxe5 Nxe4 22. Nxe4 dxe4 23. Qxe4 Qxe4 24. Rxe4 Rad8 25. Rf1 Be6 26. Bxe6 Rxe6 27. Ref4 Rd7 28. R4f3 g6 29. Rd3 Rxd3 30. cxd3 Bc5 31. b3 Bd4 32. Re1 Kf8 33. Re4 Bc3 34. Kg1 Ke8 35. Kf2 c5 36. Ke2 Kd7 37. Bf2 b6 38. Bg3 Kc6 39. h4 h5 40. Kf3 Kd5 41. Bf4 Bxe5 42. g4 hxg4+ 43. Kg3 f5 44. Rc4 Bxf4+ 45. Kxf4 Re1 46. Kg5 g3 47. Rc2 Rf1 48. Kxg6 f4 49. Rg2 Rf2 50. Rg1 f3 51. h5 Rg2 52. Rf1 f2 53. h6 Rh2 0-1

[Event "London e2e4 Diamond Jubilee op"]
[Site "London"]
[Date "2012.06.04"]
[Round "4"]
[White "Astaneh Lopez, Alex"]
[Black "Goodger, Martyn"]
[Result "1-0"]
[WhiteElo "2402"]
[BlackElo "2091"]
[PlyCount "49"]
[EventDate "2012.06.02"]
[EventType "swiss"]
[EventRounds "9"]
[EventCountry "ENG"]
[SourceTitle "CBM 148 Extra"]
[Source "ChessBase"]
[SourceDate "2012.06.22"]
[SourceVersion "1"]
[SourceVersionDate "2012.06.22"]
[SourceQuality "1"]

1. e4 e5 2. Nf3 Nf6 3. Nxe5 d6 4. Nf3 Nxe4 5. Nc3 Nxc3 6. dxc3 Be7 7. Bf4 0-0 8. Qd2 Nd7 9. 0-0-0 Nc5 10. Bc4 Be6 11. Bxe6 Nxe6 12. Be3 Qd7 13. h4 Qa4 14. Kb1 Bf6 15. Ng5 Qc4 16. Rh3 h5 17. Rg1 g6 18. g4 Ng7 19. Qd1 Rae8 20. Rhg3 Qb5 21. gxh5 Nxh5 22. Qxh5 gxh5 23. Ne4+ Kh8 24. Nxf6 Qe2 25. Rg7 1-0

[Event "Reykjavik op"]
[Site "Reykjavik"]
[Date "2012.03.06"]
[Round "1"]
[White "Navara, David"]
[Black "Goodger, Martyn"]
[Result "1-0"]
[WhiteElo "2700"]
[BlackElo "2098"]
[PlyCount "71"]
[EventDate "2012.03.06"]
[EventType "swiss"]
[EventRounds "9"]
[EventCountry "ISL"]
[SourceTitle "CBM 147 Extra"]
[Source "ChessBase"]
[SourceDate "2012.04.24"]
[SourceVersion "1"]
[SourceVersionDate "2012.04.24"]
[SourceQuality "1"]

1. d4 f5 2. g3 Nf6 3. Bg2 g6 4. Nf3 Bg7 5. 0-0 0-0 6. b3 d6 7. Bb2 Qe8 8. c4 Na6 9. Qc2 Rb8 10. Nbd2 b5 11. a3 c6 12. Rac1 Bd7 13. Ne1 Qf7 14. Nd3 Rfc8 15. Rfe1 Nc7 16. Nb4 Nce8 17. cxb5 cxb5 18. Qd3 Rb6 19. Rxc8 Bxc8 20. Rc1 Qe6 21. Nc6 Ba6 22. d5 Qd7 23. Bd4 b4 24. Nc4 Bxc4 25. bxc4 Rb7 26. axb4 Bh6 27. Ra1 f4 28. Bxa7 Qg4 29. Bd4 fxg3 30. hxg3 Rd7 31. Ra8 Kf7 32. Nd8+ Kf8 33. Bf3 Qh3 34. Ne6+ Kf7 35. Bxf6 Nxf6 36. Rf8+ 1-0

[Event "BCF-chT2a 1112 (4NCL)"]
[Site "England"]
[Date "2012.02.11"]
[Round "5.5"]
[White "Haria, Ravi"]
[Black "Goodger, Martyn"]
[Result "0-1"]
[WhiteElo "2045"]
[BlackElo "2107"]
[PlyCount "96"]
[EventDate "2011.11.12"]
[EventType "team-tourn"]
[EventRounds "7"]
[EventCountry "ENG"]
[SourceTitle "EXT 2013"]
[Source "ChessBase"]
[SourceDate "2012.11.22"]
[SourceVersion "1"]
[SourceVersionDate "2012.11.22"]
[SourceQuality "1"]
[WhiteTeam "Kings Head"]
[BlackTeam "Poisoned Pawns"]
[WhiteTeamCountry "ENG"]
[BlackTeamCountry "ENG"]

1. e4 e5 2. Nf3 Nf6 3. Nxe5 d6 4. Nf3 Nxe4 5. d4 d5 6. Bd3 Bd6 7. 0-0 0-0 8. c4 c6 9. Qc2 Na6 10. a3 f5 11. Nc3 Nc7 12. Ne5 Bxe5 13. dxe5 Nxc3 14. bxc3 dxc4 15. Bxc4+ Be6 16. Bxe6+ Nxe6 17. Qb3 Qe7 18. Rd1 Kh8 19. Rb1 Nc5 20. Qc4 b5 21. Qe2 Rfe8 22. Bf4 Ne4 23. Rd3 Nf6 24. Rh3 Nd5 25. g3 g6 26. Re1 Nxf4 27. gxf4 Qxa3 28. e6 Qd6 29. Qe3 a5 30. c4 b4 31. c5 Qd5 32. Qe2 Qd4 33. Rd1 Rxe6 34. Qc2 Qxf4 35. Rd7 Re1+ 36. Kg2 Qg4+ 37. Rg3 Qe4+ 38. Qxe4 Rxe4 39. Rc7 Rae8 40. Rxc6 R4e6 41. Rc7 R6e7 42. Rc6 Rb8 43. Rb3 Rb5 44. Rc8+ Kg7 45. c6 a4 46. Rd3 a3 47. Rd7 Rxd7 48. cxd7 Rd5 0-1